|
|
|
|
| LEADER |
00000ctmaa2200000 a 4500 |
| 001 |
vtls011709510 |
| 003 |
SK-MaSNL |
| 005 |
20260301141511.0 |
| 008 |
230802i1847 xo || 000 0dlat |
| 035 |
|
|
|a A0F2A5AF-21A9-4A92-9D30-94BDD0167344
|
| 035 |
|
|
|a urn:nbn:sk:snk-tm3n33u
|
| 035 |
|
|
|a urn:nbn:sk:snk-tm00e5ez
|
| 040 |
|
|
|a SNKLA
|b slo
|c SNKLA
|e AACR2
|
| 041 |
0 |
|
|a lat
|
| 044 |
|
|
|a xo
|c SK
|
| 072 |
|
7 |
|a 27-78
|x Kresťanské združenia, spolky a organizácie. Rehoľné rády
|2 konspekt
|
| 080 |
|
|
|a 27-789.32
|2 2011
|
| 080 |
|
|
|a 929.532
|2 2011
|
| 080 |
|
|
|a 025.171
|2 2011
|
| 245 |
0 |
0 |
|a [Catalogus patrum et fratrum almae Provinciae S. Mariae Hungariae in Domino defunctorum].
|n Tom. 2
|c A. V.
|
| 246 |
2 |
8 |
|a Nomina Defunctorum Tom. 2.
|
| 260 |
|
|
|a [Báč-Svätý Anton]
|c 1847-1908
|
| 300 |
|
|
|a 185 nečíslovaných strán
|b rukopis (odpis), viazaný
|c 44 cm
|
| 500 |
|
|
|a Druhý zväzok obsahuje mená zomrelých od 1. júla do 31. decembra v jednotlivých rokoch. Každému dňu v roku je venovaná osobitná strana. Zápisy obsahujú mená, roky a funkcie v reholi, príčinu smrti, vek, miesto úmrtia a pochovania
|
| 500 |
|
|
|a Prvý zväzok uvedený pod signatúrou RHKS 856 (MS-Ba C 185)
|
| 520 |
2 |
|
|a Menný zoznam zomrelých kňazov, klerikov - novicov, bratov laikov a terciárov uhorskej Mariánskej františkánskej provincie z rokov 1260-1908; katalóg bol roku 1754 zaslaný do všetkých konventov provincie a roku 1847 bol odpísaný v konvente vo Svätom Antone kňazom uvedeným iniciálami A. V. a doplňovaný až do roku 1908
|
| 555 |
0 |
|
|a Inventár rukopisov Archívu literatúry a umenia Matice slovenskej. Rukopisy historických knižníc na Slovensku I. Martin: Matica slovenská 1992
|
| 610 |
2 |
7 |
|a Františkáni (Báč-Svätý Anton, Slovensko)
|b Mariánska provincia
|2 SNKLA
|9 348795
|
| 610 |
2 |
7 |
|a Františkáni
|2 SNKKA
|9 174796
|
| 610 |
2 |
7 |
|a Františkánsky kláštor (Báč-Svätý Anton, Slovensko)
|2 SNKLA
|9 346144
|
| 655 |
|
7 |
|a matriky
|2 SNKPH
|9 349000
|
| 655 |
|
7 |
|a rukopisy
|2 SNKPH
|9 70548
|
| 700 |
1 |
|
|a Vály, Alexej
|4 trc
|9 494799
|
| 852 |
|
|
|a Slovenská národná knižnica
|b Literárny archív
|
| 958 |
|
|
|a ZH
|
| 958 |
|
|
|a LAVD
|
| 999 |
|
|
|c 767331
|d 769261
|
| 952 |
|
|
|a SNKLA
|b SNKLA
|c SNKLA_DEP
|y NEVYP
|7 0
|p 17A1226234
|o snkRHKS 857
|0 0
|1 0
|4 0
|d 2017-09-05
|f 1
|l 0
|r 2026-02-24 00:23:48
|w 2026-02-24
|